[Event "Igualada op 14th"]
[Site "Igualada"]
[Date "2019.03.02"]
[Round "8"]
[White "Llorens Rubio, Joan"]
[Black "Diaz Soro, Josep Lluis"]
[Result "0-1"]
[WhiteElo "1546"]
[BlackElo "1677"]
[PlyCount "50"]
[EventDate "2019.01.12"]
[EventType "swiss"]
[EventRounds "8"]
[EventCountry "ESP"]
[SourceTitle "CBM 189 Extra"]
[Source "ChessBase"]
[SourceDate "2019.06.03"]
[SourceVersion "1"]
[SourceVersionDate "2019.06.03"]
[SourceQuality "1"]

1. e4 c5 2. Nf3 e6 3. d3 Nc6 4. b3 d6 5. Bb2 e5 6. h3 Be6 7. Nc3 a6 8. Qd2 h6 9. Be2 Nge7 10. Nh2 g5 11. Bh5 Ng6 12. Bxg6 fxg6 13. 0-0-0 Bg7 14. Ng4 h5 15. Ne3 Bh6 16. g4 Nd4 17. Kb1 b5 18. Ncd5 Ra7 19. Bxd4 cxd4 20. Ng2 hxg4 21. h4 gxh4 22. Qe2 h3 23. Ne1 Rf7 24. f3 g3 25. Qf1 Qg5 0-1

[Event "Igualada and Anoia op 9th"]
[Site "Igualada"]
[Date "2014.01.11"]
[Round "1"]
[White "Llorens Rubio, Joan"]
[Black "Santiago Abril, Narcis J"]
[Result "1/2-1/2"]
[WhiteElo "1614"]
[BlackElo "1889"]
[PlyCount "72"]
[EventDate "2014.01.11"]
[EventType "swiss"]
[EventRounds "8"]
[EventCountry "ESP"]
[SourceTitle "EXT 2024"]
[Source "ChessBase"]
[SourceDate "2023.10.10"]
[SourceVersion "1"]
[SourceVersionDate "2023.10.10"]
[SourceQuality "1"]

1. e4 e5 2. Bc4 Nf6 3. Nc3 Bc5 4. Nf3 d6 5. h3 Nc6 6. d3 0-0 7. Bg5 Be6 8. Nd5 Bxd5 9. Bxd5 Qe7 10. c3 Nd8 11. 0-0 c6 12. Bb3 Ne6 13. Bh4 h6 14. d4 exd4 15. cxd4 g5 16. Bxg5 hxg5 17. dxc5 Nxc5 18. Nxg5 Nfxe4 19. Nxe4 Nxe4 20. Qg4+ Kh8 21. Rfe1 d5 22. f3 Qc5+ 23. Kh2 Qd6+ 24. f4 f5 25. Qh5+ Kg7 26. Qf3 Rg8 27. Bc2 Kf7 28. Bxe4 fxe4 29. Qf2 Rad8 30. Rad1 c5 31. b3 d4 32. Qb2 Qe6 33. g3 b6 34. f5 Qe5 35. Rf1 e3 36. Rf4 Qxf4 1/2-1/2